000 00264nam a22001217a 4500
008 180922b xxu||||| |||| 00| 0 eng d
041 _aeng
080 _a611.085
100 _a9
101 _aHIS
245 _aAtlas of Human Histology
_cDiFiore
942 _2udc
_cBK
999 _c48228
_d48228